000 00686nam a2200253 a 4500
999 _c6241
_d6241
001 6241
003 BD-JhCC
005 20180123182807.0
008 180117s1967 enk 001 0 eng d
020 _a0340068043
035 _a(BD-JhCC)6241
040 _aBD-JhCC
_cLC
_dBD-JhCC
041 _aeng
050 0 0 _aPE1139
_b.S5
082 0 4 _a421/.6
_bSHO 1967
100 1 _aShort, David,
_cM.A.
245 1 2 _aA guide to stress in English /
_cDavid Short,
260 _aLondon :
_bUniversity of London P.,
_c[1967]
300 _a48 p.
_btables.
_c22 cm.
504 _aIncludes Index
650 0 _aEnglish language
_xAccents and accentuation.
942 _2ddc
_cBK